<?xml version="1.0" encoding="UTF-8"?>
<collection xmlns="http://www.loc.gov/MARC21/slim">
 <record>
  <leader>03655nam a2200217Ia 4500</leader>
  <controlfield tag="001">CTU_239514</controlfield>
  <controlfield tag="008">210402s9999    xx            000 0 und d</controlfield>
  <datafield tag="082" ind1=" " ind2=" ">
   <subfield code="a">639.8</subfield>
  </datafield>
  <datafield tag="082" ind1=" " ind2=" ">
   <subfield code="b">S429</subfield>
  </datafield>
  <datafield tag="088" ind1=" " ind2=" ">
   <subfield code="a">8620301</subfield>
  </datafield>
  <datafield tag="100" ind1=" " ind2=" ">
   <subfield code="a">Lâm, Hoài Son</subfield>
  </datafield>
  <datafield tag="245" ind1=" " ind2="0">
   <subfield code="a">Đánh giá hiệu quả kỹ thuật và tài chính mô hình nuôi cá lồng ở tỉnh Kiên Giang :</subfield>
  </datafield>
  <datafield tag="245" ind1=" " ind2="0">
   <subfield code="b">Luận văn Cao học ngành: Nuôi trồng Thuỷ sản</subfield>
  </datafield>
  <datafield tag="245" ind1=" " ind2="0">
   <subfield code="c">Lâm Hoài Son ; Nguyễn Thanh Long, Lý Văn Khánh (cán bộ hướng dẫn)</subfield>
  </datafield>
  <datafield tag="260" ind1=" " ind2=" ">
   <subfield code="a">Cần Thơ</subfield>
  </datafield>
  <datafield tag="260" ind1=" " ind2=" ">
   <subfield code="b">Trường Đại học Cần Thơ</subfield>
  </datafield>
  <datafield tag="260" ind1=" " ind2=" ">
   <subfield code="c">2020</subfield>
  </datafield>
  <datafield tag="520" ind1=" " ind2=" ">
   <subfield code="a">Nghiên cứu khía cạnh kỹ thuật và tài chính của mô hình nuôi cá lồng ở tỉnh Kiên Giang được thực hiện từ tháng 4/2019 đến tháng 5/2020 ở ba huyện Kiên Hải, Kiên Lương và Phú Quốc thông qua phỏng vấn 90 hộ nuôi cá bóp và 90 hộ nuôi cá mú về các khía cạnh kỹ thuật và tài chính. Kết quả nghiên cứu cho thấy, nghề nuôi cá bóp và cá mú trong lồng ở tỉnh Kiên Giang đang được phát triển trong những năm gần đây. Trung bình mỗi hộ nuôi cá bóp có 4,87 lồng/hộ, với thể tích mỗi lồng nuôi là 77,0 m³/lồng và mỗi hộ nuôi cá bóp có trung bình 5,32 lồng/hộ, với thể tích lồng nuôi là 57,4 m³/lồng. Thời gian nuôi một vụ của cá bóp và cá mú dài, lần lượt là 294 ngày/vụ và 278 ngày/vụ. Tổng chi phí phí sản xuất một vụ ở mô hình nuôi cá bóp (16,0 triệu đồng/10 m³/vụ) cao hơn ở mô hình nuôi cá mú (12,2 triệu đồng/10 m³/vụ). Lợi nhuận ở mô hình nuôi cá bóp (2,39 triệu đồng/10 m³/vụ) thấp hơn lợi nhuận ở mô hình mô hình nuôi cá mú (3,89 triệu đồng/10 m³/vụ) và tỉ suất lợi nhuận của mô hình nuôi cá mú (0,32 lần) cao hơn mô hình nuôi cá bóp (0,15 lần) gấp 2 lần, vì vậy đầu tư nuôi cá mú đạt hiệu quả hơn đầu tư nuôi cá bóp. Mô hình nuôi cá bóp có chi phí thức ăn chiếm tỉ lệ lớn nhất trong chi phí biến đổi (86,1%), trong khi ở mô hình nuôi cá mú thì có chi phí mua con giống chiếm tỉ lệ cao nhất (58,4%). Ở cả hai mô hình nuôi đều gặp khó khăn là nguồn thức ăn còn bị động và phụ thuộc vào nguồn thức ăn các tạp và chất lượng cá giống chưa được tốt, đặc biệt là đối với giống cá mú. Để nghề nuôi cá bóp và cá mú trong lồng ở tỉnh Kiên Giang phát triển bền vững, các quản lý và nhà khoa học cần nghiên cứu sản xuất giống cá bóp và cá mú có chất lượng cao, nghiên cứu áp dụng thức ăn viên cho hai mô hình nuôi và nghiên cứu thả nuôi cá bóp với mật độ cao hơn hiện nay để mô hình nuôi đạt hiệu quả hơn.</subfield>
  </datafield>
  <datafield tag="650" ind1=" " ind2=" ">
   <subfield code="a">Cage aquaculture,Nuôi trồng thủy sản trong lồng</subfield>
  </datafield>
  <datafield tag="910" ind1=" " ind2=" ">
   <subfield code="c">tvtrong</subfield>
  </datafield>
  <datafield tag="980" ind1=" " ind2=" ">
   <subfield code="a">Trung tâm Học liệu Trường Đại học Cần Thơ</subfield>
  </datafield>
 </record>
</collection>
